1745 1820 1127 1641 1887 1194 1947 1538 1929 1115 1349 1033 1471 1300 1604 1706 1762 1821 1772 1780 1871 1347 1985 1144 1129 1497 1360 1894 1949 1368 1757 1901 1598 1407 1183 1028 1162 1872 1261 1060 1276 1868 1087 1469 1955 1589 1910 1230 1211 1878 1826 1448 1282 1134 1335 1933 1752 1249 1562 1876 1554 1228 1954 1972 1096 1559 1756 1909 1327 1581 1237 1274 1315 1828 1240 1393 1167 1259 1079 1285 1080 1097 1852 1876 1048 1841 1971 1274 1638 1162 1805 1674 1176 1092 1163 1431 1222 1081 1534 BCNSPRNW ULIB Ver.6.0+V

เปลี่ยนเป็นภาษาไทย

Change to English
 แสดงรายละเอียดบรรณานุกรม
  กลับหน้าหลัก

Brief Record : Get Marc (ISO 2709) : E-mail record : QR code < ปิดหน้าต่าง
LEADER : 00000nam 2200000uu 4500
001    13399115224
003     ULIB
008    020711s2550 th a 000 0 tha d
020    ^a9789747032840
082 04 ^aรส.^bพ653ข
090    ^aรส.^bพ653ข
100    ^aมนัส จรรยงค์ และคณะ
245    ^aแขกในบ้านตัวเอง^cมนัส จรรยงค์ และคณะ
260    ^aกรุงเทพฯ :^bนาคร,^c2550
300    ^a287 หน้า
945    ^p240^l0^i023145
999 ^a ทศพร
รายการนี้ยังไม่มีแท็ก
คุณยังไม่ได้ล็อกอิน คุณสามารถมีกิจกรรมร่วมกับเว็บไซต์ได้ แต่ต้องล็อกอินก่อน ::
  ล็อกอิน

รายการสื่อสารสนเทศ

ลำดับที่ ประเภท เลขเรียก/บาร์โค้ด สถานที่ สถานะ
1. นวนิยาย
นวนิยาย
รส. พ653ข รส. พ653ข  
  Barcode: 023145
ห้องสมุดวิทยาเขตสวรรค์ประชารักษ์
►นวนิยาย
บนชั้น
  ขอยืม

BibComment


ยังไม่เคยถูกคอมเมนท์

คอมเมนท์ทรัพยากรรายการนี้
  คอมเมนท์: แขกในบ้านตัวเอง ..


 Copyright 2026. Bcnsprnw @Library